LEADER 01431nam a2200301 i 4500 001 000000137497 003 CaOOAMICUS 005 20050506000000.0 008 050506s2005 it u000 u fre u 013 $a111272 020 $a2-204-07530-2 040 $aSeMil$bita 100 1 $aMarty, François,$c.$0(OLS)http://semarc/name/6486 245 10$aSentir et goûter :$bles sens dans les "exercises spirituels" de saint Ignace /$cFrançois Marty. 260 $aParis :$bLes Éditions du Cerf,$c2005. 300 $a318 p. :$bill. ;$c22 cm. 490 0 $aCogitatio Fidei [Cerf]v241 500 $aContiene : Bibliographie. 650 4$aIgnazio : di Loyola - Esercizi spirituali.$0(OLS)http://semarc/subject/1914 650 4$aCristianesimo - Vita spirituale.$0(OLS)http://semarc/subject/4032 650 4$aSenso e sensazione - Aspetti religiosi.$0(OLS)http://semarc/subject/27030 830 0$aCogitatio Fidei ;$v241.$0(OLS)http://semarc/title/206 850 $aSeMil 852 $aSeMil$W1$xVenegono$y1$m2BA N 241$j91042$B91042$CSeMilBibl$Z2$F97225 $81 961 $aAcquisto: SODIS 996 $6020$a2-204-07530-2$9(OLS)http://semarc/number/125233 996 $6245$aSentir et goûter :$bles sens dans les "exercises spirituels" de saint Ignace$9(OLS)http://semarc/title/200901 996 $6260$aParis :$bLes Éditions du Cerf$9(OLS)http://semarc/publisher/29611 LEADER 00724nam a2200205 i 4500 001 000000256667 003 CaOOAMICUS 005 20171215000000.0 008 171215s1784 it u000 u ita u 013 $a235575 026 $aere. 54ti r.se unjo (3) 1784 (R) 040 $aSeMil$bita 245 10$aVol. 1. Part. 2. 300 $aXX, 328 p. 500 $aSegn.: *4 2*6 A-2S4. - Contiene l'Appendice de' monumenti. 773 0 $tAnnali Bolognesi. Vol. 1. Part. 1. [Vol. 3. Part. 2.].$dBassano : [s.n.], 1784-1795.$g1$w()4548 850 $aSeMil 852 $aSeMil$W1$xVenegono$y1$m3U VI 4 FA$j207013$B207013$CSeMilBibl$Z2$F220425 $8I 961 $aOmaggio: Altro 996 $6245$aVol. 1. Part. 2$9(OLS)http://semarc/title/412389